| 000 | 00488 a2200193 4500 | ||
|---|---|---|---|
| 005 | 20260310123330.0 | ||
| 008 | 260310b |||||||| |||| 00| 0 eng d | ||
| 020 |
_a9789375611158 _cRs. 295.00 |
||
| 040 | _aMAIN | ||
| 082 |
_a346.54048 _bT199T |
||
| 100 | _aTaxmann Bare Act | ||
| 245 | _aTrade marks act 1999 with rules | ||
| 260 |
_bTaxmann _c2025 _aNew Delhi |
||
| 300 | _av. | ||
| 650 | _aLaw | ||
| 650 | _aPrivate Law | ||
| 650 | _aIntellectual Property Law | ||
| 942 | _cBK | ||
| 999 |
_c396331 _d396331 |
||